000 02327cam a2200241 4500500
005 20260208001919.0
041 _afre
042 _adc
100 1 0 _aMeynier, Adeline
_eauthor
245 0 0 _aLa notion de mouvement en droit de l’environnement
260 _c2016.
500 _a50
520 _aDu mouvement de l’air, au cycle de l’eau, en passant par la migration des espèces, une marée noire ou les mouvements transfrontières de déchets, le droit de l’environnement s’accorde avec un réel mouvant en perpétuel changement. Les mouvements de l’environnement sont saisis par le droit grâce à des mots, concepts ou catégories juridiques qui reflètent plus ou moins fidèlement la réalité environnementale. L’appréhension juridique de l’environnement s’éloigne parfois de la complexité du réel, révélant ainsi le caractère performatif du droit. Face à cet objet évolutif qu’est l’environnement, le droit évolue et se conceptualise dans un premier temps en réaction à son objet, puis progressivement la matière dépasse une approche empirique de son objet pour se construire plus durablement.
520 _aFrom air movement to hydrological cycle, through migration of species, oil slick or transboundary movements of wastes, environmental law deals with a moving reality in constant change. The law handles the environmental movements with words, concepts or juridical categories reflecting more or less the environmental reality. Nevertheless, the law often diverges from the complexity of reality, revealing its performative nature. Confronted with this moving environment, the law evolves. First, it is conceptualized in accordance with its object. Then, it goes beyond an empirical approach to turn into a more mature and durable system.
690 _aconceptualisation du droit de l’environnement
690 _aconstruction juridique du mouvement
690 _amouvements de l’environnement
690 _aconceptualization of environmental law
690 _aenvironmental movements
690 _alegal construction of movement
786 0 _nRevue juridique de l’environnement | Volume 41 | 3 | 2016-09-29 | p. 425-438 | 0397-0299
856 4 1 _uhttps://droit.cairn.info/revue-juridique-de-l-environnement-2016-3-page-425?lang=fr&redirect-ssocas=7080
999 _c1645655
_d1645655